Countries With African Pygmy Peoples - Statistics

General Stats
  • This quiz has been taken 30 times
  • The average score is 12 of 14
Answer Stats
# Answer % Correct
Country Cameroon
96%
Country Democratic Republic of Congo
96%
Country Namibia
96%
Country Republic of Congo
96%
Country Uganda
96%
Country Central African Republic
93%
Country Gabon
93%
Country Rwanda
93%
Country Zambia
93%
Country Angola
89%
Country Burundi
89%
Country Equatorial Guinea
86%
Country Botswana
82%
Country Madagascar
36%
No matching quizzes found
Score Distribution
Percent of People with Each Score
Percentile by Number Answered
Your Score History
You have not taken this quiz